| 000 | 00785cam a2200205 i 4500 | ||
|---|---|---|---|
| 999 |
_c7775 _d7775 |
||
| 003 | OSt | ||
| 005 | 20200521105112.0 | ||
| 008 | 170915s2018 nyuab 001 0 eng | ||
| 010 | _a 2017044154 | ||
| 020 | _a9781138899216 (pbk. : alk. paper) | ||
| 082 | 0 | 0 |
_a720DAS _223 |
| 100 | 1 |
_aFajkus, Matt, _eauthor. |
|
| 245 | 1 | 0 |
_aArchitectural science and the sun : _bthe poetics and pragmatics of solar design / _cMatt Fajkus and Dason Whitsett. |
| 300 |
_avii, 289 pages : _billustrations, maps ; _c29 cm |
||
| 500 | _aIncludes index. | ||
| 650 | 0 | _aArchitecture and solar radiation. | |
| 700 | 1 |
_aWhitsett, Dason, _eauthor. |
|
| 776 | 0 | 8 |
_iOnline version: _aFajkus, Matt, author. _tArchitectural science and the sun _dNew York : Routledge, 2018 _z9781315708041 _w(DLC) 2017044516 |
| 942 | _2ddc | ||